| 000 | 00479nam a2200169 i 4500 | ||
|---|---|---|---|
| 001 | 28734 | ||
| 003 | ES-MaACL | ||
| 005 | 20230906153922.0 | ||
| 007 | t| | ||
| 008 | 030120s1958 sp ||||1| spa d | ||
| 100 | 1 |
_aBarat, Joan. _925335 |
|
| 245 | 1 | 3 |
_aLa columna trencada / _cJoan Barat. |
| 260 |
_aBarcelona : _bAlberti, _c[1958] ( _fIndustrias Litográficas) |
||
| 300 |
_a219 p. ; _c16 cm. |
||
| 500 | _aPortada de Alfredo Figueras. | ||
| 852 |
_aES-MaACL _jC-17115 _bR.42772 |
||
| 999 |
_c28734 _d28734 |
||